Category Elimination - NBA Players #4 - Statistics

General Stats
  • This quiz has been taken 3,928 times
  • The average score is 13 of 20
Answer Stats
Group # Category βœ“ % Correct
Green 60 Current starting forward πŸ€
98%
Green 30 ... and plays in the east πŸ€
90%
Yellow 50 Top 50 Laker of all-time πŸ€
87%
Green 24 ... who was a first round draft pick πŸ€
86%
Yellow 24 ... whose last name starts with a letter between A and L πŸ€
85%
Pink 73 #1 overall picks πŸ€
83%
Blue 100 Players who currently wear a number in the 20s πŸ€
81%
Pink 58 ... who is retired πŸ€
81%
Blue 46 ... who starts πŸ€
80%
Yellow 11 ... who was a top-10 draft pick πŸ€
78%
Yellow 6 ... who was inducted into the hall of fame or will be inducted πŸ€
77%
Blue 22 ... on a team in the west πŸ€
75%
Pink 33 ... and was drafted before the 80's πŸ€
73%
Yellow 1 ... and has played on the Warriors Wilt Chamberlain
63%
Green 8 ... whose number is in the single digits πŸ€
58%
Pink 9 ... who went to school in the Big Ten Conference πŸ€
48%
Blue 8 ... and is a big man (PF/C) πŸ€
39%
Pink 1 ... and has a son in the NBA right now Mychal Thompson
11%
Blue 1 ... who doesn't have an "a" in their name Rudy Gobert
11%
Green 1 ... who participated in the first ever NBA 2k players tournament Rui Hachimura
3%
No matching quizzes found
Score Distribution
Percent of People with Each Score
Percentile by Number Answered
Your Score History
You have not taken this quiz